| 000 | 01414cam a2200373 i 4500 | ||
|---|---|---|---|
| 001 | 25360 | ||
| 003 | Mx-PuUPA | ||
| 005 | 20260317141223.0 | ||
| 008 | 140415s1976 mx gr 000 0 spa d | ||
| 040 |
_aMx-PuUPA _bspa _cMx-PuUPA _dMx-PuUPA _erda |
||
| 041 | 0 | _aspa | |
| 043 | _an-us--- | ||
| 100 | 1 |
_aZavala, Lorenzo de, _d1788-1836 _917855 _eautor |
|
| 245 | 1 | 0 |
_aObras / _cLorenzo de Zavala ; prólogo, ordenación y notas de Manuel Gonzáles Ramirez |
| 246 | 3 | 3 | _aObras de Lorenzo de Zavala |
| 246 | 3 | 3 |
_aLorenzo de Zavala : _bobras |
| 250 | _aPrimera edición | ||
| 264 | 1 |
_aMéxico, D.F. : _bEditorial Porrúa, _c©1976 |
|
| 300 |
_a973 páginas ; _c24 cm |
||
| 336 |
_2rdacontent _atexto _btxt |
||
| 337 |
_2rdamedia _asin medio _bn |
||
| 338 |
_2rdacarrier _avolumen _bnc |
||
| 490 | 0 |
_aBiblioteca Porrúa ; _v64 |
|
| 505 | 0 | _aViaje a los Estados Unidos del Norte de América ; Noticias sobre la vida y escritos de Zavala por Justo Sierra O'Reilly ; La Cuestión de Texas ; Memorias. | |
| 600 | 1 | 4 |
_917855 _aZavala, Lorenzo de, _d1788-1836 |
| 650 | 7 |
_2armarc _aAutobiografías |
|
| 650 | 7 |
_2armarc _aAutobiografías (obras literarias) |
|
| 651 | 4 |
_aEstados Unidos _xDescripción y viajes |
|
| 700 | 1 |
_aGonzález Ramírez, Manuel, _eprologuista _eeditor _eautor de notas _912493 |
|
| 942 |
_2ddc _cLI _h081 _iZ34 |
||
| 999 |
_c25360 _d25360 |
||